000 00774npc a2200229Ia 4500
001 db16-47791
003 IT-MiCISF
005 20231016114434.0
008 161014s9999||||xx | und||
040 _aIT-MiCISF
_cIT-MiCISF
041 _ait
100 _aScaraffia Lucetta (et al.)
_960273
245 0 _aIdentità e genere
260 _a Roma,
_bAssociazione Scienza e Vita,
_c2007
300 _app. 98
500 _a differenza-sessuale, identità-sessuale, genetica, matrimonio, omosessualità, filosofia, femminismo, convivenza
650 _asessualità
654 _adossier
700 _aDallapiccola B., Palazzani L., Olivetti M., Risé C., Galeotti G., Poterzio F.,
_aRoccella E., Lacroix X., Xrenes J.
_960274
942 _cDD
_2ddc
999 _c208446
_d208446
999 _bsi